000 00660nam a2200217 i 4500
001 88402
003 ES-MaACL
005 20250829112157.0
007 t|
008 050104s1972 sp ||||1| spa d
100 1 _aLajugie, Joseph.
_969711
245 1 4 _aLas doctrinas económicas /
_cpor Joseph Lajugie ; adaptación y versión de J. García-Bosch.
250 _a[1ª ed.].
260 _aBarcelona, etc. :
_bOikos-Tau,
_c[1972]
300 _a124 p. ;
_c18 cm.
490 1 _a¿Qué sé? ;
_v66
700 1 _aGarcía Bosch, J.
_954287
830 0 _a¿Qué sé?
_v66
_9181382
852 _aES-MaACL
_jC-46054
_bR.80019
999 _c88402
_d88402